000 00722nam a2200181Ia 4500
008 151018s9999 xx 000 0 und d
082 _bRBASDV46888
_a521.54
100 _aअरुण कुमार पाठक
245 _aसूर्य अक्षय ऊर्जा का स्त्रोत
250 _b1
260 _bसाक्षर प्रकाशन
_c2008
300 _a32
600 _aअरुण कुमार पाठक
630 _aसूर्य अक्षय ऊर्जा का स्त्रोत
700 _aअरुण कुमार पाठक
730 _aसूर्य अक्षय ऊर्जा का स्त्रोत
942 _cBOOK
999 _c1046039
_d1046036